Dimitrovec za morom V Spojených štátoch mexických

Bibliographic Details
Main Author: Bútor, Pavel, 1948-2013 (Author)
Format: Article
Language:Slovak
PhysicalDescription:Obr. 3.
Subjects:

MARC

LEADER 00000nab a2200000 a 4500
001 vtls000074580
003 SK-MaSNL
005 20260303024819.0
008 111103c1980 xo 0 slo
015 |a SNBRB19rr/mm-uuuuu 
035 |a CL0084681 
040 |a SNKBUCL  |b slo  |c SNKBUCL  |e AACR2 
041 0 |a slo 
044 |a xo  |c SK 
080 |a 793.3  |2 1981 
100 1 |a Bútor, Pavel,  |d 1948-2013  |4 aut  |9 41979 
245 1 0 |a Dimitrovec za morom  |b V Spojených štátoch mexických  |c Pavol Bútor 
300 |b Obr. 3. 
650 0 7 |a folklórne súbory  |2 snkbucl  |9 28685 
650 0 7 |a Dimitrovec, Bratislava  |2 snkbucl  |9 1003695 
651 7 |a 5100  |2 snkbucl  |9 166206 
655 7 |a články z novín a časopisov  |2 snkbucl  |9 267496 
773 0 |t Rytmus  |g Roč. 31, č. 12 (1980), s. 16-17 
850 |a Slovenská národná knižnica v Martine  |a MTA001 
852 |a SNK  |b KIS3GCP 
958 |a RK 
992 |a RBX 
999 |c 1642721  |d 1644651